00314nam a2200121Ia 4500008004100000041000800041082001800049100001600067245004500083260003300128300002400161365000700185240624s9999 xx 000 0 und d aeng a332.60954 CHA aCHAZE AARON aINDIA AN INVESTORS GUIDE TO THE NEXT ECO c2006aNew DelhibWiley India a321 : p. : cm. ; 25 cRS